00498nam a2200133Ia 4500008004100000100002400041245007200065245007600137260005300213260001400266300000800280650001500288856006100303170221s9999 xx 000 0 und d aNorazryana Mat Dawi aService Quality Dimensions in Pay TV Industry: A Preliminary Study  cNorazryana Mat Dawi, Ahmad Jusoh, Khalil Md Nor, Muhammad Imran Qureshi bInternational Review of Management and Marketing cJune 2013 a5:1 xMarketing. uhttp://www.econjournals.com/index.php/irmm/issue/view/77